| 000 | nam a22 a 4500 | ||
|---|---|---|---|
| 999 |
_c182146 _d182146 |
||
| 003 | BLK | ||
| 005 | 20220606131616.0 | ||
| 008 | 180411b bul|||||r ||||||| ||bul|| | ||
| 010 | _aKNG00191069000 | ||
| 040 | _aBLK | ||
| 041 |
_aBUL _cBUL |
||
| 080 |
_aИталианска литература _b821.131.1 _x-31 _z821.131.1-31 |
||
| 100 | 1 |
_aД'Агата, Джузепе _eпърви автор _957761 |
|
| 139 |
_aД'Агата, Джузепе _bД 13 |
||
| 245 | 1 | 0 |
_aЛекарски дълг _bРоман _cДжузепе Д'Агата; прев. от итал. Божан Христов |
| 257 | _aITA | ||
| 260 |
_aСофия _bНар. култура _c1967 |
||
| 300 |
_a212 с. _c20 см |
||
| 380 | _a82 | ||
| 490 |
_aБиблиотека Книги за всички _v41 _9204966 |
||
| 700 | 1 |
_aХристов, Божан _eпрев. от итал. _9374804 |
|
| 852 | _aЦб 40928 | ||
| 856 | 4 | _qpdf | |
| 856 | 4 | _qpdf | |
| 942 |
_cKNG _n0 _s1 |
||
| 944 |
_aCR _c29.09.2016 _kИрена_Линкова |
||
| 944 |
_aED _c2022-06-06 _kК.Д. |
||